000 00317pam a2200133 a 4500
020 _c
041 _h
082 _a743.6
_bWHI
100 _aJanet Whittle.
245 _aHow to draw Flowers in Simple Steps
_hTextual Documents
260 _a[s.l]:
_bSearch press ,
_c2014.
300 _a32:
_bpaper.
930 _a7968
999 _c241758
_d241758